000 00437nam a2200145Ia 4500
008 100122s9999 xx 000 0 und d
082 _b62745
_a920.054
100 _aपिंगे रविंद्र
245 _aजिवलग सारे
260 _bज्ञानदा प्रकाशन
_c2000
300 _a147
630 _aजिवलग सारे
730 _aजिवलग सारे
942 _cBOOK
999 _c437018
_d437015